Somewhere in the Middle (Entertainment) Quiz Stats

 Plays Quiz Updated Sep 5, 2017

Challenge
Share
Tweet
Embed
Score 0/20 Timer 01:30
2 Plays Today
% Correct
Side
96.5%
Night
96.3%
Fair
96.2%
Van
95.8%
Tac
95.3%
Lloyd
92.4%
Choice
92.3%
Actors
91.3%
Tyler
90.6%
Your
90.1%
% Correct
Toon
87.1%
Charles
86.3%
Book
86%
Metal
85.6%
Chinese
82.9%
Foreign
81.1%
Before
80.9%
Osage
77.4%
Al
73.1%
Gilligan
62.6%

You're not logged in!

Compare scores with friends on all Sporcle quizzes.
OR
Log In

You Might Also Like...

Show Comments

Extras

Top Quizzes Today


Score Distribution

Your Account Isn't Verified!

In order to create a playlist on Sporcle, you need to verify the email address you used during registration. Go to your Sporcle Settings to finish the process.

Report this User

Report this user for behavior that violates our Community Guidelines.

Details: